000 00679nmc a2200253 a 4500
003 AR-BaBNM
005 20251128210703.0
008 120120s2000 ||||||||||||||000 | spa||
020 _a950-531-163-x
040 _cAR-BaBNM
100 1 _aCrosta, Damián
245 1 0 _aAprendiendo a jugar fútbol en la escuela
260 _aBuenos Aires
_bStadium
_c2000
300 0 _a32 p.
_bil., tablas
490 0 _aAprendiendo a jugar en la escuela
650 4 _aEDUCACION FISICA
650 4 _aDEPORTE
650 4 _aJUEGOS DE PELOTA
653 0 _aREGLAMENTOS DEPORTIVOS
653 0 _aEDUCACION GENERAL BASICA
700 0 _aSelene
_eilustrador
942 _cBK
998 _cRAQUEL
999 _c16446
_d16446